| 000 | 00517nam a2200205 a 4500 | ||
|---|---|---|---|
| 001 | BRCA_7094 | ||
| 005 | 20190320205717.0 | ||
| 008 | 091211s1920----mx-#######---#000-0#spa-# | ||
| 041 | _aspa | ||
| 050 | 4 | _bC43 1920 | |
| 100 | 1 |
_aChazari, Andres _917630 |
|
| 245 | 1 | 0 | _aOrtigas y Violetas |
| 260 |
_aMéxico _bEl Hogar _c1920 |
||
| 300 |
_a159 p. _c21 cm. |
||
| 500 | _aEstado físico: sin lomo, cuebiertas y algunas hojas rotas | ||
| 500 | _aO102 | ||
| 650 | 1 | 4 |
_aPoesía _917631 |
| 902 | _aGFM | ||
| 942 |
_2lcc _cB |
||
| 999 |
_c6775 _d6775 |
||